Cálculo estocástico
Պահպանված է:
| Հիմնական հեղինակներ: | , |
|---|---|
| Ձևաչափ: | Գիրք |
| Լեզու: | պորտուգալերեն |
| Հրապարակվել է: |
Río de Janeiro
IMPA
1991
|
| Խորագրեր: | |
| Ցուցիչներ: |
Ավելացրեք ցուցիչ
Չկան պիտակներ, Եղեք առաջինը, ով նշում է այս գրառումը!
|
MARC
| LEADER | 00000nam a2200000 a 4500 | ||
|---|---|---|---|
| 001 | UCW1567 | ||
| 003 | CL-VaPUC | ||
| 008 | 920803e19910000BL |||||||||||||||||por|d | ||
| 082 | 0 | 4 | |a 519.2 |b SAN |2 21 |
| 100 | 0 | |a San Martín, Luiz Antonio Barrera |e author |9 305599 | |
| 700 | 0 | |a Marques, Mauro S. de F |e author |9 305600 | |
| 245 | 1 | 0 | |a Cálculo estocástico |
| 300 | |a 237 p | ||
| 942 | |c BK | ||
| 945 | |d 19920803 00:00:00 | ||
| 260 | |a Río de Janeiro |b IMPA |c 1991 | ||
| 650 | 0 | |a Probabilidades |9 260199 | |
| 650 | 0 | |a Procesos estocásticos |9 260364 | |
| 650 | 7 | |a ECUACIONES DIFERENCIALES ESTOCASTICAS |2 CL-VaPUC |9 269935 | |
| 650 | 7 | |a MARTINGALA MATEMATICAS |2 CL-VaPUC |9 270655 | |
| 583 | |a last modification |c 19920803 00:00:00 |k Rodrigo Vera | ||
| 999 | |c 216443 |d 216441 | ||
| 952 | |0 0 |1 0 |4 0 |6 519_200000000000000_SAN_1991 |7 0 |8 A |9 202163 |a BIBGIM |b BIBGIM |d 2019-11-14 |i 2692856 |o 519.2 SAN 1991 |p 2692856 |r 2025-01-15 |w 2019-11-14 |y BK |k EST | ||